00726nam a2200253 a 4500001001300000003000900013005001700022008004100039020002300080082001900103100001400122245005200136260003500188300000900223500003500232505001000267650001000277650002100287700001400308902000800322942000700330952012000337999001500457nice12345678IN_TiNIC20260116012255.0050524s1986 newa grp 000 0 eng  a0809170 c10000a327.17201bCOX aCox, Gray aWays of Peaceb a Philosophy of Peace as Action aNew YorkbPaulist Press c1986 a211p aincludes index and biblioraphy2 aIndex aPeace aPhilosophy-Peace1 aCox, Gray bSRS cBK 001040708StackRoom-aHMIbHMId2008-05-06g100.00l0o327.17201 COXp014740r2008-05-06v100.00w2005-05-24yBK c6345d6345